Stav hospodářství ve vyspělých zemích s tržní ekonomikou v roce 1992.
Rozvoj hospodárstva vo vybraných krajinách OECD. Sledujú sa hlavné črty rozvoja a dynamika základných makroekonomických ukazovateľov v USA, Japonsku, Nemecku, Francúzsku, Veľkej Británii, Taliansku a Rakúsku.
Guardado en:
| Autor principal: | |
|---|---|
| Formato: | Capítulo de libro |
| Lenguaje: | checo |
| Materias: | |
| Etiquetas: |
Sin Etiquetas, Sea el primero en etiquetar este registro!
|
MARC
| LEADER | 00000naa a2200000 4500 | ||
|---|---|---|---|
| 001 | r013049 | ||
| 005 | 20221205080457.7 | ||
| 041 | 0 | |a cze | |
| 044 | |a CZ | ||
| 245 | 1 | 0 | |a Stav hospodářství ve vyspělých zemích s tržní ekonomikou v roce 1992. |c Z. Bezděková |
| 520 | |a Rozvoj hospodárstva vo vybraných krajinách OECD. Sledujú sa hlavné črty rozvoja a dynamika základných makroekonomických ukazovateľov v USA, Japonsku, Nemecku, Francúzsku, Veľkej Británii, Taliansku a Rakúsku. | ||
| 610 | 2 | 0 | |a rozvoj hospodársky |
| 610 | 2 | 0 | |a OECD |
| 610 | 2 | 0 | |a makroekonomika |
| 610 | 2 | 0 | |a ukazovatele ekonomické |
| 610 | 2 | 0 | |a USA |
| 610 | 2 | 0 | |a Japonsko |
| 610 | 2 | 0 | |a Nemecko |
| 610 | 2 | 0 | |a Francúzsko |
| 610 | 2 | 0 | |a Veľká Británia |
| 610 | 2 | 0 | |a Taliansko |
| 610 | 2 | 0 | |a Rakúsko |
| 610 | 2 | 0 | |a údaje štatistické |
| 100 | 1 | |a Bezděková, Z. | |